| 000 | 00852nam a2200229 i 4500 | ||
|---|---|---|---|
| 001 | 85031 | ||
| 003 | ES-MaACL | ||
| 005 | 20250816063224.0 | ||
| 007 | t| | ||
| 008 | 041125s1909 fr ||||1| fre d | ||
| 100 | 1 |
_aJevons, William Stanley. _9128300 |
|
| 245 | 1 | 3 |
_aLa théorie del Economie Politique / _cpar W. Stanley Jevons ; traduit par M.H.E. Barrault, Maurice Alfassa ; avec préface de Paul Painlevé. |
| 260 |
_aParis : _bV. Giard, _c1909 ( _eSaint Amand : _fBussière) |
||
| 300 |
_aXXIV, 404 p. ; _c23 cm. |
||
| 490 | 1 | _aBibliothèque internationale d'économie politique | |
| 700 | 1 |
_aAlfassa, Maurice. _919823 |
|
| 700 | 1 |
_aBarrault, M. H. E. _925869 |
|
| 700 | 1 |
_aPainlevé, Paul. _988330 |
|
| 830 | 0 | 0 |
_aBibliothèque internationale d'économie politique _9181587 |
| 852 |
_aES-MaACL _jF-14135 |
||
| 999 |
_c85031 _d85031 |
||